00786cam a22002057a 4500003000500000005001700005008004100022010001000063011001000073035001000083040000900093100003400102245023900136260004100375300001100416502008500427650001400512650002300526700003100549CHAP20250703083537.0010920d2001 mx r 00110 spa d a84778 a85750 a96286 cCHAP10aSegura García, Perla Melina10aEstudio previo de factibilidad técnico-económica de la producción intensiva de avestruz en la comunidad de San Pablo Ixayoc, municipio de Texcoco, Estado de Méxicoc/por Perla Melina Segura García y Fermín Tiburcio Rosales aChapingo, Méx. :bEl autor,c2001. a142 h. aTesis (Ing. Agroindustrial) -- UACH. Departamento de Ingeniería Agroindustrial14aAvestruz.14aCarne de avestruz.10aTiburcio Rosales, Fermín